Canciones de Calamaro por letra - Estadísticas

Estadísticas generales
  • Esta prueba ha sido intentada 20 veces
  • La puntuación promedio es 8 de 14
Estadísticas de respuestas
Hint Respuesta % Correcto
____, no me claves, tus puñales, por laespalda Flaca
100%
La otra noche te esperé bajo la lluvia dos horas, ___ ______, como un perro Mil horas
83%
___ ______, basura de la ____ ________,no se puede confiar en nadie más Alta Suciedad
78%
El comandante de tu _____ __ ________ Parte de Adelante
78%
______ __ _____ la casa vacía pregunta cuando volverás Cuando no estás
72%
Siempre seguí la misma dirección, la difícilla que usa __ ______ El Salmón
72%
Déjame atravesar el viento ___ __________, que lo haré por el tiempo que tuvimos Sin documentos
72%
Cuando era niño, y conocí el _______ ______ Estadio Azteca
67%
Si pudiera mataría por _____ _______ ___ Cinco minutos más
39%
Te voy a buscar, no te encuentro, será que me he perdido, _____ ___ __ __ _______ Señal que te he perdido
28%
___ _____, con mi mayor convicción, ___ ____ Soy tuyo
28%
Una de las ____ ______ se está apagando Tres Marías
22%
___ _______ estoy accidentado, tengo miedode no recuperar Por mirarte
17%
Para mí no existe un lugar mejor que aquísolamente los dos, __________ _______ Engánchate conmigo
0%
No se encontraron pruebas coincidentes
Distribución de puntuación
Porcentaje de gente con cada puntuación
Porcentaje por número respondido
Historial de tus puntuaciones
No has intentado esta prueba.